Estatísticas para Zidane

Clique aqui para jogar o quiz

Estatísticas Gerais

  • Esse quiz foi jogado 47 vezes
  • A pontuação média é 3 de 5

Estatísticas das Respostas

AnosClubes% Correto
2001-2006Real Madrid
100%
(Seleção)1994-2006França
98%
1996-2001Juventus
82%
1992-1996Bordeaux
36%
1988-1992Cannes
29%

Distribuição das Pontuações

Percentil de Números Respondidos

Porcentagem de Pessoas com Cada Pontuação

Sua Pontuação Histórica

Você não jogou esse quiz